000 01066nam a22003257a 4500
999 _c1282
_d1282
001 001413
003 CoMeUDC001413
005 20190218201358.0
008 130821s2006 sp gr spa
020 _a8423423891
040 _aCo-BoUCM
_bspa
_cCoMeUDC
041 0 0 _aspa
082 0 4 _a658.155 R221
100 1 _aRappaport, Alfred
245 1 3 _aLa creación de valor para el accionista
_buna guía para inversores y directivos /
_cAlfred Rappaport
260 _aBilbao :
_bEdiciones Deusto,
_c2006.
300 _a260 p.
_c28 cm.
490 0 _aLíderes del Management
504 _aIncluye bibliografía e índice.
546 _aEspañol
650 0 4 _aAdministración de empresas
_9435
650 0 4 _aAdministración del portafolio
_98586
650 0 4 _aAdministración financiera
_98594
650 0 4 _aFinanzas
_97628
650 0 4 _aInversiones
_xAdministración
_917948
650 0 4 _aSociedades de inversiones
_924747
700 _aCorrons, Luis
_etr.
765 _tCreating shareholder value: a guide for managers and investors
942 _cBK
_e1
_2ddc